000 00878nmc a2200337 a 4500
003 AR-BaBNM
005 20251128204833.0
008 226019s1994 ||||||||||||||000 | spa||
020 _a950-582-337-1
040 _cAR-BaBNM
100 1 _aNanzer, Angel
245 1 0 _aAnimemos al mundo
_buna cultura para honrar la vida
250 _a1ª ed.
260 _aBuenos Aires
_bHumanitas
_c1994
300 0 _a235 p.
_bgráfs.
490 0 _aCosmovisión
500 1 _aNotas: p. 96, 221-223
650 4 _aARTE
650 4 _aFILOSOFIA
650 4 _aCIENCIA
650 4 _aEDUCACION
650 4 _aANIMACION CULTURAL
650 4 _aDIFUSION DE LA CULTURA
650 4 _aACTIVIDADES CULTURALES
650 4 _aPOLITICA EDUCATIVA
650 4 _aDINAMICA CULTURAL
653 0 _aTEORIA DE GESTALT
800 1 _aMosquera Sierra, Elda
_edirector
942 _cBK
998 _csole
999 _c8993
_d8993